• 首页
  • 本馆介绍
  • 公告通知
  • 最新文献
  • 馆藏检索
  • 电子资源
  • 读者导购
  • 参考咨询
  • 我的图书馆
  • 登录
  • 详细信息显示
  • 放入我的书架
  • 预约/预借图书
  • 作者相关作品
  • 分类相关作品
  • 丛书相关作品
  • 出版社相关作品

书目信息

  • 表格格式
  • 工作单格式
  • 卡片格式
题名:
细胞生物化学原理
    
 
作者: 钱凯先 , 李亚南 , 邵健忠 编著
分册:  
出版信息: 杭州   浙江大学出版社  1999
页数: 387页
开本: 26cm
丛书名:
单 册:
中图分类: Q26
科图分类:
主题词: 细胞学:生物化学
电子资源:
ISBN: 7-308-02066-5
000 01035nam0 2200265 45
001 060000020425
005 20051014110243.26
010    @a7-308-02066-5@dCNY26.00
100    @a20050222d1999 ekmy0chiy0120 ea
101 0  @achi
102    @aCN@b330000
105    @ay az 000yy
200 1  @a细胞生物化学原理@9xi bao sheng wu hua xue yuan li@f钱凯先,李亚南,邵健忠编著@Fqian kai xian,li ya nan,shao jian zhong bian zhu
210    @a杭州@c浙江大学出版社@d1999
215    @a387页@d26cm
300    @a高等学校教材
320    @a有书目
330    @a本书共分十六章,第一至五章介绍细胞生物化的一般概念,第六至十三章分别论述了各种重要细胞器的生物化学特性与代谢,包括细胞质膜,线粒体,叶绿体,内质网,核糖体,高尔基体,溶酶体与细胞核,第十四章至十六章阐述了细胞纤维系统,细胞质基质与胞外基质的生物化学。
606 0  @a细胞学:生物化学
690    @aQ26@v4
701  0 @a钱凯先@Aqian kai xian@4编著
701  0 @a李亚南@Ali ya nan@4编著
701  0 @a邵健忠@Ashao jian zhong@4编著
801  0 @aCN@bTSSF@c20051014
905    @a10447@dQ26@e18
    
    细胞生物化学原理/钱凯先,李亚南,邵健忠编著.-杭州:浙江大学出版社,1999
    387页;26cm
    高等学校教材
    
    ISBN 7-308-02066-5:CNY26.00
    本书共分十六章,第一至五章介绍细胞生物化的一般概念,第六至十三章分别论述了各种重要细胞器的生物化学特性与代谢,包括细胞质膜,线粒体,叶绿体,内质网,核糖体,高尔基体,溶酶体与细胞核,第十四章至十六章阐述了细胞纤维系统,细胞质基质与胞外基质的生物化学。
●
相关链接 在E读中查询图书 在五车中查询图书 在当当中查询图书 在豆瓣中查询图书


正题名:细胞生物化学原理     索取号:Q26/18         预约/预借

序号 登录号 条形码 馆藏地/架位号 状态 备注
1 0366973   3669738   第二样本阅览室/ [索取号:Q26/18] 在馆    
2 0366974   3669747   第三借阅区/ [索取号:Q26/18] 在馆    
3 0366975   3669756   第三借阅区/ [索取号:Q26/18] 在馆    
4 0366976   3669765   第三借阅区/ [索取号:Q26/18] 在馆    
5 0366977   3669774   第三借阅区/ [索取号:Q26/18] 在馆    
唐山师范学院图书馆 欢迎您!
大连网信软件有限公司© 版权所有